000 00493nas a22001697a 4500
005 20251108172809.0
008 250721s9999 xx mr 000 0 ara d
082 1 4 _aم/210.5/فرق
245 1 0 _aالفرقان /
264 1 _aعمان :
_bجمعيه المحافظه على القرآن الكريم،
310 _aMonthly
650 1 7 _aالدوريات العربية
650 1 7 _aالأبحاث
653 _aالبحوث الإسلامية
942 _2ddc
_cPER
999 _c88707
_d88707